00662nam a2200169 a 450000500170000000800410001702000180005805000230007610000180009924500970011726000480021430000100026244000170027250000190028952001660030865000180047420140412111324.0000829s19uu xx 00 eng d a0-7534-0007-3 aREF 030bW872 1999 aMead, Richard aI wonder why the telephone rings :band other questions about communication /cRichard Mead. aDanbury, Connecticut :bGrolier Inc,c1999. a32 p. aI wonder why aIncludes index aI Wonder Why The Telephone Rings is jam-packed with fascinating facts about communication, from 'How does your body talk?' to 'Is virtual reality just for fun?'. aCommunication